000 01559nam a22002417a 4500
001 2872
003 HMS
005 20251023142226.0
008 251023e1965 cl ||||gr|||| 001 m spa
020 _a
040 _ahms
_bspa
_chms
082 0 4 _aCh860.09 M779
100 1 _aMontes, Hugo,
_d1926-2022
_eautor
_94498
245 1 0 _aHistoria y antología de la literatura chilena /
_cHugo Montes, Julio Orlandi.
_h[libro]
250 _a30 de diciembre de 1965
260 _aSantiago de Chile :
_bEditorial del Pacífico S.A.,
_c1965
300 _a683 páginas ;
_c22 cm.
500 _aIncluye índice
505 _aPrimera parte. El reino de Chile. -- Los Albores de la independencia. -- Segunda parte. Movimientos literarios de 1842 y la prosa novelesca. -- Generación de 1837. -- Generación de 1952. -- Generación de 1867 -- Generación de 1982 -- Generación de 1897 -- Generación de 1912 -- Generación de 1927 -- Generación 1942 -- Generación de 1957 -- Generación actual. -- Tercera parte. La poesía de fin de siglo. -- Los grandes poetas. -- Otros poetas. -- Cuarta parte. La crítica y el ensayo. -- A. La crítica literaria. -- B. El ensayo. -- Historiadores. -- Periodista. -- Quinta parte. El teatro. -- Antología. -- Nominas de autores distinguidos con el premio nacional de literatura. -- Programas de literatura chilena. -- Biografía fundamental. -- Índice onomástico. -- Índice de materias. Fe de errata.
650 7 _aLiteratura chilena.
_xHistoria
_xCrítica
_94499
650 7 _aEscritores
_zChile
_94500
942 _2ddc
_cCOL GRAL
_n0
999 _c2872
_d2872